Score 0/19 Timer 05:00
1 Play Today
Episodes Character's Form % Correct
Lessons, Selfless, Sleeper, Never Leave Me, Showtime, Dirty Girls, Empty Places, Touched, End of Days, ChosenBuffy Summers
92.9%
Sleeper, Never Leave Me, Bring on the NightSpike
83%
Conversations With Dead PeopleJoyce Summers
76.8%
Lessons, Bring on the NightDrusilla
68.5%
Lessons, Conversations With Dead People, Never Leave Me, StorytellerWarren Mears
66.2%
Lessons, TouchedMayor Richard Wilkins
64.5%
AmendsJenny Calendar
63.9%
LessonsThe Master
63.6%
LessonsGlorificus
61.9%
LessonsAdam
57.8%
Episodes Character's Form % Correct
Never Leave Me, First DateJonathan Levinson
56.9%
ChosenCaleb
52.7%
Conversations With Dead PeopleCassie Newton
40.4%
First DateNikki Wood
40.4%
Get it DoneChloe (Potential Slayer)
27.8%
ShowtimeEve (Potential Slayer)
27.4%
AmendsDaniel
15.7%
AmendsMargaret
12.9%
Dirty GirlsBetty (Potential Slayer)
9.2%
Remove Ads.
Support Sporcle.
Get the best of Sporcle when you Go Orange. This ad-free experience offers more features, more stats, and more fun while also helping to support Sporcle. Thank you for becoming a member.

You're not logged in!

Compare scores with friends on all Sporcle quizzes.
OR
Log In

Show Comments

Extras

Top Quizzes Today


Score Distribution

Your Account Isn't Verified!

In order to create a playlist on Sporcle, you need to verify the email address you used during registration. Go to your Sporcle Settings to finish the process.

Report this User

Report this user for behavior that violates our Community Guidelines.

Details: